| 000 | 00339cam a22001337a 4500 | ||
|---|---|---|---|
| 008 | 180718b1897 xxu||||| |||| 00| 0 eng d | ||
| 082 | _aR8 H653 | ||
| 100 | _aHobhouse, L.T. | ||
| 245 |
_aThe labour movement _cby L.T. Hobhouse |
||
| 250 | _a2nd ed. | ||
| 260 |
_aLondon _bT. Fisher Unwin _c1897 |
||
| 300 | _a98p. | ||
| 650 | _aLabour Unions | ||
| 999 |
_c368344 _d368344 |
||